[Event "DEN-chT 0607"]
[Site "Denmark"]
[Date "2007.01.28"]
[Round "6.7"]
[White "Christiansen, Jens Jorgen"]
[Black "Hansen, Bjarne"]
[Result "1/2-1/2"]
[WhiteElo "2097"]
[BlackElo "2241"]
[PlyCount "125"]
[EventDate "2006.11.04"]
[EventType "team"]
[EventRounds "9"]
[EventCountry "DEN"]
[Source "ChessBase"]
[SourceDate "2007.02.01"]
[WhiteTeam "Norresundby"]
[BlackTeam "SK 1968"]
[WhiteTeamCountry "DEN"]
[BlackTeamCountry "DEN"]

1. d4 g6 2. e4 Bg7 3. c3 d5 4. Nd2 c5 5. dxc5 Nf6 6. Bd3 O-O 7. Ne2 Qc7 8. O-O
Rd8 9. Qc2 Nbd7 10. exd5 Nxc5 11. Ne4 Nfxe4 12. Bxe4 Nxe4 13. Qxe4 Bf5 14. Qf3
Qc4 15. Ng3 Bd3 16. Re1 Bf8 17. d6 exd6 18. Bg5 Re8 19. Bf6 Qa6 20. b3 d5 21.
Bd4 Bb5 22. a4 Rxe1+ 23. Rxe1 Re8 24. Rxe8 Bxe8 25. Qxd5 Bg7 26. Bxg7 Kxg7 27.
Qe5+ Kf8 28. h3 h5 29. c4 Qb6 30. Qh8+ Ke7 31. Qc3 a5 32. Ne4 Bc6 33. Qf6+ Ke8
34. Qd6 f6 35. Qe6+ Kd8 36. c5 Qc7 37. Qxf6+ Qe7 38. Qd4+ Kc7 39. f3 Kb8 40.
Qh8+ Ka7 41. Qd4 Qf7 42. Qc3 Kb8 43. Nd6 Qf4 44. Nb5 Qf8 45. Qe5+ Ka8 46. Nd4
Qc8 47. Qd6 Qe8 48. Kf2 g5 49. Nxc6 bxc6 50. Qc7 Qg6 51. Qxa5+ Kb7 52. Qb4+ Ka7
53. Qe4 Qf6 54. Qe3 h4 55. Kg1 Qd8 56. Kh2 Qc7+ 57. Kh1 Qd8 58. f4 gxf4 59.
Qxf4 Qe7 60. b4 Ka6 61. Qb8 Qe1+ 62. Kh2 Qh1+ 63. Kxh1 1/2-1/2

[Event "DEN-chT 0607"]
[Site "Denmark"]
[Date "2007.01.28"]
[Round "6.8"]
[White "Nielsen, Soren Holst"]
[Black "Kaysfeld, Henrik"]
[Result "1/2-1/2"]
[WhiteElo "2231"]
[BlackElo "2141"]
[PlyCount "32"]
[EventDate "2006.11.04"]
[EventType "team"]
[EventRounds "9"]
[EventCountry "DEN"]
[Source "ChessBase"]
[SourceDate "2007.02.01"]
[WhiteTeam "SK 1968"]
[BlackTeam "Norresundby"]
[WhiteTeamCountry "DEN"]
[BlackTeamCountry "DEN"]

1. e4 d5 2. exd5 Qxd5 3. Nc3 Qa5 4. Bc4 c6 5. Nge2 Bf5 6. Ng3 Bg6 7. O-O e6 8.
Qe2 Nd7 9. f4 Ne7 10. d3 h5 11. Bd2 h4 12. Nge4 Qc7 13. Ng5 O-O-O 14. Nce4 Nf5
15. c3 Nf6 16. Kh1 Be7 1/2-1/2

[Event "DEN-chT 0607"]
[Site "Denmark"]
[Date "2007.01.28"]
[Round "6.1"]
[White "Pedersen, Nicolai Vesterbaek"]
[Black "Glud, Jakob Vang"]
[Result "1/2-1/2"]
[WhiteElo "2492"]
[BlackElo "2429"]
[PlyCount "110"]
[EventDate "2006.11.04"]
[EventType "team"]
[EventRounds "9"]
[EventCountry "DEN"]
[Source "ChessBase"]
[SourceDate "2007.02.01"]
[WhiteTeam "Aalborg"]
[BlackTeam "Jetsmark"]
[WhiteTeamCountry "DEN"]
[BlackTeamCountry "DEN"]

1. d4 d5 2. c4 e6 3. Nc3 Be7 4. cxd5 exd5 5. Bf4 c6 6. e3 Bd6 7. Bxd6 Qxd6 8.
Bd3 Ne7 9. Qc2 Nd7 10. Nge2 Nf6 11. f3 O-O 12. O-O Bd7 13. h3 c5 14. dxc5 Qxc5
15. Nd4 Nc6 16. Qf2 Nxd4 17. exd4 Qd6 18. Rae1 Rfe8 19. f4 Bc6 20. Re5 Nd7 21.
Nb5 Bxb5 22. Bxb5 a6 23. Rfe1 Kf8 24. Bxd7 Qxd7 25. Qc2 f6 26. Rxe8+ Rxe8 27.
Rxe8+ Qxe8 28. Qc5+ Qe7 29. Kf2 b6 30. Qxb6 Qe4 31. Qb4+ Kf7 32. Qd2 h5 33. h4
Qb1 34. b4 Qh1 35. Kg3 Qg1 36. Qc3 Qd1 37. Kf2 Qg4 38. g3 Qd1 39. a3 Kg6 40.
Ke3 Kh6 41. Qd3 Qe1+ 42. Kf3 Qh1+ 43. Ke2 Qg2+ 44. Kd1 Qb2 45. f5 Kh7 46. Ke1
Qc1+ 47. Kf2 Qb2+ 48. Kg1 Qa1+ 49. Kg2 Qb2+ 50. Kh3 Qa1 51. Kg2 Qb2+ 52. Kf3
Qa1 53. Ke2 Qb2+ 54. Kf3 Qa1 55. Kg2 Qb2+ 1/2-1/2

[Event "DEN-chT 0607"]
[Site "Denmark"]
[Date "2007.01.28"]
[Round "6.2"]
[White "Rasmussen, Allan Stig"]
[Black "Pedersen, Erik"]
[Result "1-0"]
[WhiteElo "2398"]
[BlackElo "2420"]
[PlyCount "89"]
[EventDate "2006.11.04"]
[EventType "team"]
[EventRounds "9"]
[EventCountry "DEN"]
[Source "ChessBase"]
[SourceDate "2007.02.01"]
[WhiteTeam "Jetsmark"]
[BlackTeam "Aalborg"]
[WhiteTeamCountry "DEN"]
[BlackTeamCountry "DEN"]

1. e4 d5 2. exd5 Qxd5 3. Nc3 Qd6 4. d4 Nf6 5. Nf3 a6 6. g3 Bg4 7. h3 Bxf3 8.
Qxf3 c6 9. Be3 e6 10. Bg2 Nbd7 11. O-O Qc7 12. Ne2 Bd6 13. c4 O-O 14. Rad1 Rfe8
15. Nf4 e5 16. dxe5 Nxe5 17. Qe2 Ng6 18. Nxg6 hxg6 19. Qd3 Re6 20. Rfe1 Rae8
21. Bd2 Rxe1+ 22. Bxe1 Be7 23. Qc2 Bc5 24. Kf1 Qe7 25. a3 Bd4 26. Bb4 c5 27.
Re1 Qd7 28. Rxe8+ Qxe8 29. Bd2 b6 30. b4 Qe6 31. Qd3 Nd7 32. f4 Nf6 33. g4 g5
34. fxg5 Nd7 35. Bd5 Qe7 36. g6 Qh4 37. Qf5 Qf6 38. Bxf7+ Kf8 39. Qxf6 Nxf6 40.
Ke2 Ne4 41. Bf4 Ke7 42. h4 Bb2 43. Kf3 Nd6 44. bxc5 bxc5 45. a4 1-0

[Event "DEN-chT 0607"]
[Site "Denmark"]
[Date "2007.01.28"]
[Round "6.3"]
[White "Jakobsen, Lars Veno"]
[Black "Fries Nielsen, Jens Ove"]
[Result "1/2-1/2"]
[WhiteElo "2304"]
[BlackElo "2405"]
[PlyCount "110"]
[EventDate "2006.11.04"]
[EventType "team"]
[EventRounds "9"]
[EventCountry "DEN"]
[Source "ChessBase"]
[SourceDate "2007.02.01"]
[WhiteTeam "Aalborg"]
[BlackTeam "Jetsmark"]
[WhiteTeamCountry "DEN"]
[BlackTeamCountry "DEN"]

1. d4 d5 2. c4 e6 3. Nc3 a6 4. cxd5 exd5 5. Nf3 Be7 6. Bf4 Nf6 7. h3 O-O 8. e3
c5 9. Bd3 c4 10. Bc2 b5 11. O-O Bb7 12. Ne2 Ne4 13. Ne1 Nd7 14. f3 Nd6 15. g4
Re8 16. Ng2 Nf8 17. Qd2 a5 18. Bg3 Bc6 19. Nef4 b4 20. Qf2 a4 21. Rfe1 Nb5 22.
Rad1 b3 23. Bb1 bxa2 24. Bxa2 Bb4 25. Rf1 a3 26. bxa3 Rxa3 27. Bb1 Nc3 28. Rc1
Nxb1 29. Rxb1 Qa5 30. Nh5 Ra2 31. Rb2 Rxb2 32. Qxb2 Nd7 33. g5 c3 34. Qb1 g6
35. Nhf4 Bb5 36. Rf2 Ba4 37. h4 Bd6 38. e4 dxe4 39. fxe4 Qa7 40. Qa2 Qxd4 41.
Ne2 Qd1+ 42. Rf1 Bc5+ 43. Bf2 Bxf2+ 44. Kxf2 Qc2 45. Qxc2 Bxc2 46. Nxc3 Nc5 47.
Ne3 Nxe4+ 48. Nxe4 Bxe4 49. Ng4 Kg7 50. Nf6 Re6 51. Re1 Bf5 52. Rxe6 Bxe6 53.
Ke3 h5 54. Kd4 Kf8 55. Ke5 Ke7 1/2-1/2

[Event "DEN-chT 0607"]
[Site "Denmark"]
[Date "2007.01.28"]
[Round "6.4"]
[White "Christensen, Stefan"]
[Black "Meyer, Lars"]
[Result "1/2-1/2"]
[WhiteElo "2272"]
[BlackElo "2239"]
[PlyCount "80"]
[EventDate "2006.11.04"]
[EventType "team"]
[EventRounds "9"]
[EventCountry "DEN"]
[Source "ChessBase"]
[SourceDate "2007.02.01"]
[WhiteTeam "Jetsmark"]
[BlackTeam "Aalborg"]
[WhiteTeamCountry "DEN"]
[BlackTeamCountry "DEN"]

1. e4 e6 2. d4 d5 3. Nc3 Nf6 4. Bg5 dxe4 5. Nxe4 Be7 6. Bxf6 gxf6 7. Nf3 b6 8.
Bc4 Bb7 9. Qe2 c6 10. O-O Qc7 11. Nh4 f5 12. Nxf5 exf5 13. Ng5 O-O 14. Qh5 Bxg5
15. Qxg5+ Kh8 16. Qf6+ Kg8 17. Qg5+ Kh8 18. Qf6+ Kg8 19. Rae1 Nd7 20. Qxf5 Qd6
21. Re3 Kh8 22. Bd3 Nf6 23. Rf3 Qxd4 24. Qxf6+ Qxf6 25. Rxf6 Kg7 26. Rd6 c5 27.
Rd7 Bc6 28. Rd6 Rac8 29. Re1 Rfd8 30. Rxd8 Rxd8 31. f3 Bd5 32. a3 c4 33. Be2 c3
34. bxc3 Rc8 35. Rd1 Be6 36. c4 Bxc4 37. Bxc4 Rxc4 38. Rd7 Ra4 39. Rd3 Rc4 40.
Rd7 Ra4 1/2-1/2

[Event "DEN-chT 0607"]
[Site "Denmark"]
[Date "2007.01.28"]
[Round "6.5"]
[White "Hellegaard, Carsten"]
[Black "Jensen, Bjarke"]
[Result "1-0"]
[WhiteElo "2230"]
[BlackElo "2257"]
[PlyCount "64"]
[EventDate "2006.11.04"]
[EventType "team"]
[EventRounds "9"]
[EventCountry "DEN"]
[Source "ChessBase"]
[SourceDate "2007.02.01"]
[WhiteTeam "Aalborg"]
[BlackTeam "Jetsmark"]
[WhiteTeamCountry "DEN"]
[BlackTeamCountry "DEN"]

1. d4 g6 2. c4 Bg7 3. e4 d6 4. Nc3 e5 5. d5 Nd7 6. Bd3 Ne7 7. h4 h5 8. Be3 Nc5
9. Bc2 a5 10. Nh3 Ng8 11. g3 Nh6 12. Qe2 f5 13. O-O-O O-O 14. f3 a4 15. a3 f4
16. gxf4 Bxh3 17. Rxh3 exf4 18. Bxc5 dxc5 19. e5 Nf5 20. Rg1 Qe8 21. Bxf5 Rxf5
22. e6 c6 23. Qe4 Kh7 24. Rg5 Rxg5 25. hxg5 b5 26. Rxh5+ Kg8 27. Rh6 b4 28. Nd1
bxa3 29. bxa3 cxd5 30. cxd5 c4 31. d6 Ra5 32. e7 Re5 1-0

[Event "DEN-chT 0607"]
[Site "Denmark"]
[Date "2007.01.28"]
[Round "6.6"]
[White "Rathlev, Jakob"]
[Black "Nielsen, Steffen"]
[Result "0-1"]
[WhiteElo "2164"]
[BlackElo "2218"]
[PlyCount "64"]
[EventDate "2006.11.04"]
[EventType "team"]
[EventRounds "9"]
[EventCountry "DEN"]
[Source "ChessBase"]
[SourceDate "2007.02.01"]
[WhiteTeam "Jetsmark"]
[BlackTeam "Aalborg"]
[WhiteTeamCountry "DEN"]
[BlackTeamCountry "DEN"]

1. c4 Nf6 2. g3 g6 3. Bg2 Bg7 4. Nc3 O-O 5. e4 d6 6. Nge2 e5 7. O-O Nc6 8. d3
Rb8 9. f4 a6 10. f5 Nd4 11. Nxd4 exd4 12. Nd5 Nxd5 13. cxd5 c5 14. h4 Bd7 15.
Bg5 Bf6 16. Qd2 Bxg5 17. hxg5 f6 18. fxg6 hxg6 19. gxf6 Rxf6 20. Rxf6 Qxf6 21.
Rf1 Qe7 22. Qh6 Qg7 23. Qg5 Re8 24. Rf6 Kh7 25. Qf4 Re7 26. Rf8 g5 27. Qf3 Bg4
28. Qf2 Kg6 29. Rd8 Rf7 30. Rxd6+ Kh7 31. Qe1 Qe5 32. Rb6 c4 0-1

[Event "DEN-chT 0607"]
[Site "Denmark"]
[Date "2007.01.28"]
[Round "6.7"]
[White "Nielsen, Jorgen G"]
[Black "Grubert, Christian"]
[Result "1/2-1/2"]
[WhiteElo "2186"]
[BlackElo "2020"]
[PlyCount "44"]
[EventDate "2006.11.04"]
[EventType "team"]
[EventRounds "9"]
[EventCountry "DEN"]
[Source "ChessBase"]
[SourceDate "2007.02.01"]
[WhiteTeam "Aalborg"]
[BlackTeam "Jetsmark"]
[WhiteTeamCountry "DEN"]
[BlackTeamCountry "DEN"]

1. d4 f5 2. c4 Nf6 3. Nc3 e6 4. g3 Be7 5. Bg2 O-O 6. Nf3 Ne4 7. Qb3 Nxc3 8.
Qxc3 Nc6 9. O-O a5 10. d5 Bf6 11. Qd2 Ne7 12. dxe6 dxe6 13. Qxd8 Rxd8 14. Bg5
e5 15. Bxf6 gxf6 16. Rfd1 Be6 17. b3 Kf7 18. Ne1 c6 19. Nd3 b6 20. Nb2 Rab8 21.
Na4 b5 22. cxb5 cxb5 1/2-1/2

[Event "DEN-chT 0607"]
[Site "Denmark"]
[Date "2007.01.28"]
[Round "6.8"]
[White "Hoffmann, Tobias Breinholt"]
[Black "Hjorth, Torben"]
[Result "1-0"]
[WhiteElo "1947"]
[BlackElo "2158"]
[PlyCount "91"]
[EventDate "2006.11.04"]
[EventType "team"]
[EventRounds "9"]
[EventCountry "DEN"]
[Source "ChessBase"]
[SourceDate "2007.02.01"]
[WhiteTeam "Jetsmark"]
[BlackTeam "Aalborg"]
[WhiteTeamCountry "DEN"]
[BlackTeamCountry "DEN"]

1. e4 c5 2. Nf3 Nc6 3. Bb5 Qb6 4. Nc3 e6 5. O-O Nge7 6. Re1 Nd4 7. Bf1 Nec6 8.
Nxd4 cxd4 9. Ne2 Be7 10. c4 O-O 11. Ng3 d6 12. d3 Qd8 13. a3 a5 14. Bd2 e5 15.
Nf5 Bf6 16. g4 g6 17. Ng3 Bg5 18. f3 Kh8 19. Re2 f5 20. gxf5 gxf5 21. exf5 Bxf5
22. Nxf5 Rxf5 23. Rg2 Bxd2 24. Qxd2 Qf6 25. Rg3 Ne7 26. Bh3 Rxf3 27. Rxf3 Qxf3
28. Bg2 Rg8 29. Kh1 Qh5 30. Qd1 Qg5 31. Be4 Nf5 32. Qf3 Nh4 33. Qh3 b6 34. Rf1
Ng6 35. Qd7 Nf8 36. Qxd6 Ng6 37. Qc7 h6 38. Qf7 Rg7 39. Qf6 Nf4 40. Qxb6 Nh3
41. Rf8+ Rg8 42. Rxg8+ Kxg8 43. Qe6+ Kh8 44. Qxh3 Qc1+ 45. Kg2 Qd2+ 46. Kg1 1-0

[Event "DEN-chT 0607"]
[Site "Denmark"]
[Date "2007.01.28"]
[Round "6.1"]
[White "Hector, Jonny"]
[Black "Rasmussen, Casper Dahl"]
[Result "1/2-1/2"]
[WhiteElo "2508"]
[BlackElo "2357"]
[PlyCount "140"]
[EventDate "2006.11.04"]
[EventType "team"]
[EventRounds "9"]
[EventCountry "DEN"]
[Source "ChessBase"]
[SourceDate "2007.02.01"]
[WhiteTeam "Nordkalotten"]
[BlackTeam "Skolerne"]
[WhiteTeamCountry "DEN"]
[BlackTeamCountry "DEN"]

1. e4 e5 2. d4 exd4 3. Nf3 Nc6 4. Nxd4 Nf6 5. Nxc6 bxc6 6. e5 Qe7 7. Qe2 Nd5 8.
c4 Ba6 9. b3 g6 10. g3 Bg7 11. Bb2 O-O 12. Bg2 Rae8 13. O-O Bxe5 14. Qxe5 Qxe5
15. Bxe5 Rxe5 16. cxd5 Bxf1 17. Kxf1 cxd5 18. f4 Re3 19. Nd2 c6 20. Rc1 Rfe8
21. Nf3 Re2 22. a4 Rb2 23. Ne5 Re7 24. Bh3 Kg7 25. Kg1 f5 26. Rc3 Kf6 27. Nf3
Ree2 28. Bf1 Re4 29. Rd3 Ke7 30. Nd2 Re6 31. Kf2 Kd6 32. h3 Kc5 33. g4 Re4 34.
Kf3 Rd4 35. Ke3 Rxd3+ 36. Kxd3 Ra2 37. gxf5 gxf5 38. Nf3 Rf2 39. Be2 Kb4 40.
Ke3 Rg2 41. Bd3 c5 42. Bxf5 Kc3 43. Ne1 Rg7 44. Kf3 Kxb3 45. Nd3 c4 46. Nc5+
Kb2 47. Bxd7 c3 48. Nd3+ Kc2 49. Ne5 Kd2 50. Bf5 a5 51. Nc6 c2 52. Nxa5 Kc3 53.
Bxc2 Kxc2 54. Nc6 Kc3 55. Ne5 Kd4 56. a5 h5 57. a6 h4 58. Ng4 Kc3 59. f5 d4 60.
f6 Rf7 61. a7 Rxa7 62. Nf2 Rf7 63. Kg4 d3 64. Kg5 d2 65. Kg6 Ra7 66. f7 Ra8 67.
Kg7 Kd4 68. f8=Q Rxf8 69. Kxf8 Ke3 70. Nd1+ Kf3 1/2-1/2

[Event "DEN-chT 0607"]
[Site "Denmark"]
[Date "2007.01.28"]
[Round "6.2"]
[White "Rasmussen, Karsten"]
[Black "Kristensen, Kaare Hove"]
[Result "1/2-1/2"]
[WhiteElo "2463"]
[BlackElo "2313"]
[PlyCount "76"]
[EventDate "2006.11.04"]
[EventType "team"]
[EventRounds "9"]
[EventCountry "DEN"]
[Source "ChessBase"]
[SourceDate "2007.02.01"]
[WhiteTeam "Skolerne"]
[BlackTeam "Nordkalotten"]
[WhiteTeamCountry "DEN"]
[BlackTeamCountry "DEN"]

1. c4 e6 2. Nc3 c5 3. Nf3 d5 4. cxd5 exd5 5. d4 Nc6 6. e3 Nf6 7. Be2 a6 8. O-O
Bd6 9. dxc5 Bxc5 10. a3 O-O 11. b4 Ba7 12. b5 Na5 13. a4 Bg4 14. bxa6 bxa6 15.
h3 Rc8 16. hxg4 Rxc3 17. Ra3 Rxa3 18. Bxa3 Re8 19. Nd4 Nc4 20. Bxc4 dxc4 21.
Nc6 Qc7 22. Nxa7 Qxa7 23. Bb2 Qb6 24. Bd4 Qc6 25. Qf3 Ne4 26. Qf5 h6 27. Rc1
Qxa4 28. f3 Ng5 29. Qd5 Rc8 30. Bc3 Qb5 31. Qd2 Ne6 32. Ba1 a5 33. Qc3 Qc5 34.
Kh1 Qb4 35. Qd4 Qc5 36. Qc3 Qb4 37. Qc2 Qc5 38. Qc3 Qb4 1/2-1/2

[Event "DEN-chT 0607"]
[Site "Denmark"]
[Date "2007.01.28"]
[Round "6.3"]
[White "Ejsing, Esben"]
[Black "Sorensen, Jan"]
[Result "0-1"]
[WhiteElo "2275"]
[BlackElo "2416"]
[PlyCount "62"]
[EventDate "2006.11.04"]
[EventType "team"]
[EventRounds "9"]
[EventCountry "DEN"]
[Source "ChessBase"]
[SourceDate "2007.02.01"]
[WhiteTeam "Nordkalotten"]
[BlackTeam "Skolerne"]
[WhiteTeamCountry "DEN"]
[BlackTeamCountry "DEN"]

1. e4 e6 2. d4 d5 3. Nd2 Nc6 4. Ngf3 Nf6 5. e5 Nd7 6. Bd3 Nb4 7. Be2 c5 8. c3
Nc6 9. O-O Be7 10. Bd3 a5 11. Qe2 cxd4 12. cxd4 Qb6 13. Rd1 g5 14. Nb3 g4 15.
Ng5 a4 16. Nxf7 Kxf7 17. Qxg4 Ke8 18. Nc5 Nxc5 19. Qh5+ Kd8 20. dxc5 Qb4 21.
Bg5 Bxg5 22. Qxg5+ Kc7 23. a3 Qxc5 24. Rac1 Qf8 25. Rc3 Bd7 26. Bb5 Ra5 27.
Bxc6 Bxc6 28. Rf3 Qd8 29. Qg7+ Kb8 30. Rc1 Qg8 31. Qh6 d4 0-1

[Event "DEN-chT 0607"]
[Site "Denmark"]
[Date "2007.01.28"]
[Round "6.4"]
[White "Christensen, Tobias"]
[Black "Nielsen, Lars Aaes"]
[Result "1-0"]
[WhiteElo "2330"]
[BlackElo "2221"]
[PlyCount "97"]
[EventDate "2006.11.04"]
[EventType "team"]
[EventRounds "9"]
[EventCountry "DEN"]
[Source "ChessBase"]
[SourceDate "2007.02.01"]
[WhiteTeam "Skolerne"]
[BlackTeam "Nordkalotten"]
[WhiteTeamCountry "DEN"]
[BlackTeamCountry "DEN"]

1. d4 e6 2. Nf3 Nf6 3. Bg5 Be7 4. Nbd2 d5 5. g3 Ne4 6. Bxe7 Qxe7 7. c3 Nd7 8.
Nxe4 dxe4 9. Nd2 e5 10. Nxe4 O-O 11. Bg2 f5 12. Nd2 e4 13. O-O Nb6 14. e3 Bd7
15. c4 g5 16. b3 g4 17. Nb1 h5 18. Nc3 c6 19. Ne2 h4 20. Re1 Rf6 21. a4 a5 22.
Nf4 Rh6 23. Qd2 Qh7 24. Bf1 Kf7 25. Ra2 Kf6 26. Rb1 hxg3 27. fxg3 Kg5 28. b4
axb4 29. a5 Nc8 30. Rxb4 Nd6 31. c5 Nb5 32. d5 Qh8 33. Bxb5 cxb5 34. d6 Ra6 35.
Qd4 Qh7 36. Rbb2 Qf7 37. Ra1 Bc6 38. Rd2 Ra8 39. Qc3 Rhh8 40. Rad1 Rhd8 41. Rf1
Qf6 42. h4+ gxh3 43. Nxh3+ Kg6 44. Nf4+ Kg5 45. Ne6+ Qxe6 46. Qg7+ Qg6 47.
Rxf5+ Kxf5 48. Rf2+ Kg5 49. Qe7+ 1-0

[Event "DEN-chT 0607"]
[Site "Denmark"]
[Date "2007.01.28"]
[Round "6.5"]
[White "Jakobsen, Peter"]
[Black "Pedersen, Finn"]
[Result "1-0"]
[WhiteElo "2206"]
[BlackElo "2300"]
[PlyCount "37"]
[EventDate "2006.11.04"]
[EventType "team"]
[EventRounds "9"]
[EventCountry "DEN"]
[Source "ChessBase"]
[SourceDate "2007.02.01"]
[WhiteTeam "Nordkalotten"]
[BlackTeam "Skolerne"]
[WhiteTeamCountry "DEN"]
[BlackTeamCountry "DEN"]

1. e4 c6 2. d4 d5 3. exd5 cxd5 4. c4 Nf6 5. Nc3 Nc6 6. Bg5 dxc4 7. Bxc4 Nxd4 8.
Nf3 Nxf3+ 9. Qxf3 Qc7 10. Bb5+ Bd7 11. O-O a6 12. Bxd7+ Nxd7 13. Nd5 Qd8 14.
Rac1 Ne5 15. Qb3 Rc8 16. Qxb7 Nc4 17. Rfd1 Nd6 18. Rxc8 Nxb7 19. Nc7# 1-0

[Event "DEN-chT 0607"]
[Site "Denmark"]
[Date "2007.01.28"]
[Round "6.6"]
[White "Ochsner, Thomas"]
[Black "Lilja, Richard"]
[Result "1/2-1/2"]
[WhiteElo "2336"]
[BlackElo "2069"]
[PlyCount "146"]
[EventDate "2006.11.04"]
[EventType "team"]
[EventRounds "9"]
[EventCountry "DEN"]
[Source "ChessBase"]
[SourceDate "2007.02.01"]
[WhiteTeam "Skolerne"]
[BlackTeam "Nordkalotten"]
[WhiteTeamCountry "DEN"]
[BlackTeamCountry "DEN"]

1. e4 g6 2. d4 Bg7 3. Nc3 d6 4. f4 a6 5. Nf3 b5 6. Bd3 Bb7 7. Qe2 Nd7 8. e5
Bxf3 9. Qxf3 e6 10. a4 b4 11. Ne2 d5 12. c3 c5 13. cxb4 cxb4 14. O-O Ne7 15.
Be3 O-O 16. Bf2 Nb6 17. b3 Nc6 18. Qh3 Na5 19. Rab1 Nd7 20. g4 Re8 21. Kh1 f5
22. exf6 Nxf6 23. Ng3 Qd6 24. Bg1 Rac8 25. f5 exf5 26. gxf5 Ne4 27. Bxe4 dxe4
28. Qg4 e3 29. f6 Bxf6 30. Ne4 Qd5 31. Rf4 Rxe4 32. Qg2 Rxd4 33. Rxf6 Rc3 34.
Qxd5+ Rxd5 35. Re6 Nxb3 36. Rxe3 Rdd3 37. Re8+ Kf7 38. Rbe1 Rc7 39. Rh8 Kg7 40.
Rb8 a5 41. Bf2 Rcd7 42. Kg2 Rd2 43. Kg3 Nd4 44. Ree8 Nf5+ 45. Kf3 R7d3+ 46. Kg2
Nh4+ 47. Kf1 Rf3 48. Re2 Rd1+ 49. Re1 Rd7 50. Rb5 Rf5 51. Ree5 Rxe5 52. Rxe5
Nf5 53. Rxa5 Rb7 54. Rd5 b3 55. Rd1 Rb4 56. a5 Ra4 57. Rb1 Rxa5 58. Rxb3 Ra2
59. Rb7+ Kh6 60. Rf7 Ra3 61. Kg2 Ne3+ 62. Bxe3+ Rxe3 63. Ra7 Re8 64. h4 Rg8 65.
Kh3 Rg7 66. Ra5 Rb7 67. Kg4 Rb4+ 68. Kg3 Rb7 69. Kg4 Rb1 70. Ra7 Rg1+ 71. Kf4
Rf1+ 72. Kg4 Rg1+ 73. Kf4 Rf1+ 1/2-1/2

[Event "DEN-chT 0607"]
[Site "Denmark"]
[Date "2007.01.28"]
[Round "6.7"]
[White "Koch, Soren Andreas"]
[Black "Jacobsen, Bo"]
[Result "0-1"]
[WhiteElo "2079"]
[BlackElo "2307"]
[PlyCount "72"]
[EventDate "2006.11.04"]
[EventType "team"]
[EventRounds "9"]
[EventCountry "DEN"]
[Source "ChessBase"]
[SourceDate "2007.02.01"]
[WhiteTeam "Nordkalotten"]
[BlackTeam "Skolerne"]
[WhiteTeamCountry "DEN"]
[BlackTeamCountry "DEN"]

1. d4 Nf6 2. c4 c5 3. d5 e5 4. Nc3 d6 5. e4 Nbd7 6. Be2 Be7 7. Nf3 Nf8 8. O-O
Ng6 9. Ne1 O-O 10. Nd3 Bd7 11. Be3 h6 12. Nxc5 dxc5 13. d6 b6 14. a3 Bc6 15.
dxe7 Qxe7 16. Nd5 Bxd5 17. exd5 Ne8 18. Qc2 Nd6 19. g3 e4 20. Rae1 Rae8 21. f4
Nf5 22. Bg4 Qf6 23. Bxf5 Qxf5 24. b4 cxb4 25. axb4 Rc8 26. Rc1 Rfd8 27. Qa2 h5
28. Qxa7 h4 29. Qa2 Rd6 30. Qg2 hxg3 31. hxg3 Re8 32. Rfd1 Nh4 33. Qf1 Qg4 34.
Kh2 Rh6 35. Bg1 Nf5+ 36. Kg2 Qxg3# 0-1

[Event "DEN-chT 0607"]
[Site "Denmark"]
[Date "2007.01.28"]
[Round "6.1"]
[White "Hillarp Persson, Tiger"]
[Black "Nielsen, Peter Heine"]
[Result "1/2-1/2"]
[WhiteElo "2550"]
[BlackElo "2655"]
[PlyCount "50"]
[EventDate "2006.11.04"]
[EventType "team"]
[EventRounds "9"]
[EventCountry "DEN"]
[Source "ChessBase"]
[SourceDate "2007.02.01"]
[WhiteTeam "Bronshoj"]
[BlackTeam "Helsinge"]
[WhiteTeamCountry "DEN"]
[BlackTeamCountry "DEN"]

1. d4 d5 2. c4 c6 3. Nf3 Nf6 4. e3 e6 5. Bd3 Nbd7 6. O-O dxc4 7. Bxc4 Bd6 8.
Bb3 O-O 9. Nc3 Qe7 10. h3 b5 11. e4 e5 12. Bg5 Rd8 13. Ne2 c5 14. Bd5 Rb8 15.
dxc5 Nxc5 16. Ng3 h6 17. Bxf6 Qxf6 18. Qe2 Ne6 19. Rac1 Nf4 20. Qe3 Bd7 21.
Rfd1 a5 22. Bc6 Be6 23. Bd5 Bd7 24. Bc6 Be6 25. Bd5 Bd7 1/2-1/2

[Event "DEN-chT 0607"]
[Site "Denmark"]
[Date "2007.01.28"]
[Round "6.2"]
[White "Schandorff, Lars"]
[Black "Hoi, Carsten"]
[Result "0-1"]
[WhiteElo "2539"]
[BlackElo "2425"]
[PlyCount "110"]
[EventDate "2006.11.04"]
[EventType "team"]
[EventRounds "9"]
[EventCountry "DEN"]
[Source "ChessBase"]
[SourceDate "2007.02.01"]
[WhiteTeam "Helsinge"]
[BlackTeam "Bronshoj"]
[WhiteTeamCountry "DEN"]
[BlackTeamCountry "DEN"]

1. d4 Nf6 2. c4 g6 3. Nc3 Bg7 4. e4 d6 5. Nf3 O-O 6. h3 e5 7. d5 Na6 8. Bg5 Qe8
9. g4 Bd7 10. Nd2 h6 11. Be3 Nc5 12. Be2 Nh7 13. Nb3 Nxb3 14. axb3 Qe7 15. h4
f5 16. gxf5 gxf5 17. exf5 Bxf5 18. Bg4 Qf7 19. Rg1 Kh8 20. Bxf5 Qxf5 21. Qg4
Qf7 22. Qg6 Qe7 23. O-O-O a5 24. Rg2 Qf6 25. Rdg1 Qxg6 26. Rxg6 Rf7 27. Kd2 Nf8
28. R6g2 b6 29. Ne4 Nd7 30. Ke2 Re8 31. Rg6 Nf8 32. R6g4 Nd7 33. Kd3 Kh7 34.
Kc3 Ree7 35. b4 axb4+ 36. Kxb4 Nc5 37. Kc3 Nxe4+ 38. Rxe4 Bf6 39. Kb4 Rg7 40.
Rxg7+ Rxg7 41. Kb5 h5 42. b4 Kg6 43. c5 Kf5 44. Rc4 bxc5 45. bxc5 e4 46. Kc6
dxc5 47. Bxc5 Be5 48. Kb7 Rg4 49. Ba7 Bd6 50. Kc6 Rxh4 51. Bb6 Rg4 52. Bxc7 e3
53. Rc2 Bxc7 54. Kxc7 Rg7+ 55. Kc6 Rg2 0-1

[Event "DEN-chT 0607"]
[Site "Denmark"]
[Date "2007.01.28"]
[Round "6.3"]
[White "Pilgaard, Kim"]
[Black "Hutters, Tomas"]
[Result "1/2-1/2"]
[WhiteElo "2420"]
[BlackElo "2426"]
[PlyCount "81"]
[EventDate "2006.11.04"]
[EventType "team"]
[EventRounds "9"]
[EventCountry "DEN"]
[Source "ChessBase"]
[SourceDate "2007.02.01"]
[WhiteTeam "Bronshoj"]
[BlackTeam "Helsinge"]
[WhiteTeamCountry "DEN"]
[BlackTeamCountry "DEN"]

1. e4 c5 2. Nf3 d6 3. d4 cxd4 4. Nxd4 Nf6 5. Nc3 e6 6. g4 h6 7. h4 Nc6 8. Rg1
d5 9. Bb5 Bd7 10. exd5 Nxd5 11. Nxd5 exd5 12. Be3 Be7 13. Qd2 O-O 14. Be2 Bxh4
15. Nf5 Bg5 16. O-O-O Bxf5 17. Bxg5 Qxg5 18. Qxg5 hxg5 19. gxf5 f6 20. Rxd5
Rfd8 21. Rgd1 Rxd5 22. Rxd5 Ne5 23. Rc5 Rd8 24. Rc7 Rd4 25. Rxb7 Rf4 26. Rxa7
Rxf2 27. Kd1 g4 28. Ra3 Rf4 29. Rg3 Kh7 30. b3 Kh6 31. a4 Kg5 32. a5 Rd4+ 33.
Ke1 Kf4 34. Rc3 g3 35. Kf1 Rd2 36. Bh5 Rh2 37. Be2 Rh1+ 38. Kg2 Rh2+ 39. Kf1
Rh1+ 40. Kg2 Rh2+ 41. Kf1 1/2-1/2

[Event "DEN-chT 0607"]
[Site "Denmark"]
[Date "2007.01.28"]
[Round "6.4"]
[White "Fries Nielsen, Niels Jorgen"]
[Black "Bromann, Thorbjorn"]
[Result "1/2-1/2"]
[WhiteElo "2406"]
[BlackElo "2387"]
[PlyCount "88"]
[EventDate "2006.11.04"]
[EventType "team"]
[EventRounds "9"]
[EventCountry "DEN"]
[Source "ChessBase"]
[SourceDate "2007.02.01"]
[WhiteTeam "Helsinge"]
[BlackTeam "Bronshoj"]
[WhiteTeamCountry "DEN"]
[BlackTeamCountry "DEN"]

1. g3 d5 2. Bg2 Nf6 3. d3 e5 4. Nf3 Bd6 5. O-O O-O 6. a3 c6 7. Bg5 Nbd7 8. Qc1
Re8 9. Nc3 h6 10. Bxf6 Nxf6 11. Nd2 Bg4 12. e4 Bc5 13. Nb3 Bf8 14. h3 Be6 15.
Nd2 Qd7 16. Kh2 Rad8 17. Qe1 dxe4 18. Ndxe4 Nd5 19. Nd2 Nxc3 20. bxc3 Qc7 21.
c4 e4 22. Qxe4 Bxh3 23. Qf3 Be6 24. Nb3 Qe5 25. Bh3 Qc3 26. Bxe6 Rxe6 27. Ra2
Rde8 28. Qf4 Re1 29. Rxe1 Qxe1 30. Ra1 Qc3 31. Ra2 Re1 32. Kg2 Rd1 33. Qe3 a5
34. a4 Re1 35. Qd4 Qb4 36. Kf3 Rb1 37. Ra1 Rxa1 38. Qxa1 g6 39. Qe5 Qxa4 40.
Qxa5 Qb4 41. c5 Qxa5 42. Nxa5 Bxc5 43. Nxb7 Bb6 44. Nd6 Bc7 1/2-1/2